Logo

OPEN PUBLIC ACCESS CATALOGUE

The AI Advantage: How to Put the Artificial Intelligence Revolution to Work (Record no. 18)

MARC details
000 -LEADER
fixed length control field 00344nam a2200145Ia 4500
005 - DATE AND TIME OF LATEST TRANSACTION
control field 20260513122049.0
020 ## - INTERNATIONAL STANDARD BOOK NUMBER
International Standard Book Number 9780262538008
100 ## - MAIN ENTRY--PERSONAL NAME
Personal name Devenport
245 ## - TITLE STATEMENT
Title The AI Advantage: How to Put the Artificial Intelligence Revolution to Work
260 ## - PUBLICATION, DISTRIBUTION, ETC.
Name of publisher, distributor, etc. MIT Press
365 ## - TRADE PRICE
Currency code
365 ## - TRADE PRICE
Price amount 25.00
942 ## - ADDED ENTRY ELEMENTS (KOHA)
Koha item type Book
Holdings
Withdrawn status Lost status Damaged status Not for loan Home library Current library Date acquired Cost, normal purchase price Inventory number Total checkouts Barcode Date last seen Cost, replacement price Price effective from Koha item type
        University of New South Wales University of New South Wales 05/08/2026 24.95 16697   000152 05/13/2026 24.95 05/13/2026 Book